|
|
|
|
| LEADER |
00851nam a2200241 a 4500 |
| 001 |
5367 |
| 003 |
BD-DhAAL |
| 008 |
090504s1994 ii a 001 0 eng d |
| 999 |
|
|
|c 367
|d 367
|
| 020 |
|
|
|a 8171793754
|
| 040 |
|
|
|a AFU
|c AFU
|d BD-DhAAL
|
| 082 |
|
|
|a 614.4
|2 20
|
| 100 |
1 |
|
|a Bhatia, Rajesh
|9 41794
|
| 245 |
0 |
0 |
|a Immunization against infectious diseases /
|c Rajesh Bhatia and R.L. Ichhpujani
|
| 260 |
|
|
|a New Delhi :
|b Jaypee Brothers,
|c 1994
|
| 300 |
|
|
|a ix, 506 pages :
|b illustrations ;
|c 23 cm.
|
| 500 |
|
|
|a Includes index
|
| 541 |
1 |
|
|e 5367
|
| 650 |
|
|
|x Prevention
|9 41795
|
| 700 |
1 |
|
|a Ichhpujani,R.L.
|9 41796
|
| 852 |
4 |
|
|a Ayesha Abed Library
|j General Stacks
|
| 942 |
|
|
|2 ddc
|c BK
|
| 952 |
|
|
|0 0
|1 4
|2 ddc
|4 0
|6 614_400000000000000_BHA
|7 0
|9 333
|a BRACUL
|b BRACUL
|c GEN
|d 2009-05-04
|g 130.00
|l 0
|o 614.4 BHA
|p 3010005367
|r 2009-05-04
|t 1
|w 2009-05-04
|y BK
|x Koha Inventory 2020
|